000 01528nam0a2200313 i 4500
001 RU\NLR\bibl\2041562
005 20260406193934.0
021 _aRU
_b2013-35905
_92458
035 _a(NLR Aleph) 002028864
090 _a4540584
_c4540584
100 _a20130607d2013 um y0rusy50 ca
101 0 _arus
102 _aRU
105 _ay|||z||||00yy
200 1 _aСтруктура центрального аппарата ФМС России
210 _aМосква
_cСоциздат
_d2013
215 _a87 с.
_d20
225 1 _aБиблиотека журнала "Земляки"
_vN° 4, апрель 2013 г.
423 0 _12001#$aИзменения в миграционном законодательстве
_1210##$aМосква$d2013
_1215##$aС. 13-87
_1700#1
_1701#1
_tИзменения в миграционном законодательстве
_a
601 0 1 _aРоссийская Федерация
_bФедеральная миграционная служба
_92439323
_3RU\NLR\AUTH\661451278
606 1 _aНаселение
_xМиграция
_xПравовое регулирование
_yРоссийская Федерация
_92242895
_3RU\NLR\AUTH\661345748
686 1 _aХ621.164.043
711 0 1 _4570
_aРоссийская Федерация
_bФедеральная миграционная служба
_9409840
_3RU\NLR\AUTH\889956858
801 0 _aRU
_bNLR
_c20130607
_gRCR
801 1 _aRU
_bNLR
_c20130607
942 _cBOOK
980 _aNBR